Popularne marki czekolad w Polsce - Statystyki

Ogólne statystyki
  • Ten quiz został rozwiązany 112 razy
  • Średni wynik to 4 z 10
Statystyki odpowiedzi
Marka % Poprawnych
Milka
96%
Wawel
54%
E.Wedel
42%
Kinder
36%
Goplana
34%
Lindt
33%
Alpen Gold
24%
Schogetten
19%
Magnetic
17%
Nussbeiser
16%
Nie znaleziono quizów pasujących do podanych kryteriów
Rozkład punktacji
Procent ludzi z każdym wynikiem
Percentyl według liczby udzielonych odpowiedzi
Twoja historia wyników
Nie rozwiązałeś tego quizu